| 000 -LEADER |
| fixed length control field |
02024cam a2200421 a 4500 |
| 001 - CONTROL NUMBER |
| control field |
14714964 |
| 005 - DATE AND TIME OF LATEST TRANSACTION |
| control field |
20170105102848.0 |
| 008 - FIXED-LENGTH DATA ELEMENTS--GENERAL INFORMATION |
| fixed length control field |
070129s2007 nyu b 001 0beng |
| 010 ## - LIBRARY OF CONGRESS CONTROL NUMBER |
| LC control number |
2007003626 |
| 020 ## - INTERNATIONAL STANDARD BOOK NUMBER |
| International Standard Book Number |
9781416535744 |
| 020 ## - INTERNATIONAL STANDARD BOOK NUMBER |
| International Standard Book Number |
1416535748 |
| 035 ## - SYSTEM CONTROL NUMBER |
| System control number |
(OCoLC)ocm81150399 |
| 040 ## - CATALOGING SOURCE |
| Original cataloging agency |
DLC |
| Transcribing agency |
DLC |
| Modifying agency |
YDX |
| -- |
BAKER |
| -- |
WIH |
| -- |
YDXCP |
| -- |
DLC |
| 043 ## - GEOGRAPHIC AREA CODE |
| Geographic area code |
n-us--- |
| 050 00 - LIBRARY OF CONGRESS CALL NUMBER |
| Classification number |
E840.8.R84 |
| Item number |
C63 2007 |
| 082 00 - DEWEY DECIMAL CLASSIFICATION NUMBER |
| Classification number |
973.931092 |
| -- |
B |
| Edition number |
22 |
| 100 1# - MAIN ENTRY--PERSONAL NAME |
| Personal name |
Cockburn, Andrew, |
| Dates associated with a name |
1947- |
| 245 10 - TITLE STATEMENT |
| Title |
Rumsfeld : |
| Remainder of title |
his rise, fall, and catastrophic legacy / |
| Statement of responsibility, etc. |
Andrew Cockburn. |
| 250 ## - EDITION STATEMENT |
| Edition statement |
1st Scribner hardcover ed. |
| 260 ## - PUBLICATION, DISTRIBUTION, ETC. |
| Place of publication, distribution, etc. |
New York : |
| Name of publisher, distributor, etc. |
Scribner, |
| Date of publication, distribution, etc. |
c2007. |
| 300 ## - PHYSICAL DESCRIPTION |
| Extent |
vii, 247 p. ; |
| Dimensions |
24 cm. |
| 504 ## - BIBLIOGRAPHY, ETC. NOTE |
| Bibliography, etc. note |
Includes bibliographical references and index. |
| 505 0# - FORMATTED CONTENTS NOTE |
| Formatted contents note |
Making history -- A ruthless little bastard -- Secretary Rumsfeld, the prequel -- How $weet it is -- Politics and other games -- From notion to bumper sticker -- Warlord -- A game of war -- Reality intrudes -- Downfall. |
| 600 10 - SUBJECT ADDED ENTRY--PERSONAL NAME |
| Personal name |
Rumsfeld, Donald, |
| Dates associated with a name |
1932- |
| 610 10 - SUBJECT ADDED ENTRY--CORPORATE NAME |
| Corporate name or jurisdiction name as entry element |
United States. |
| Subordinate unit |
Department of Defense |
| General subdivision |
Officials and employees |
| Form subdivision |
Biography. |
| 650 #0 - SUBJECT ADDED ENTRY--TOPICAL TERM |
| Topical term or geographic name entry element |
Cabinet officers |
| Geographic subdivision |
United States |
| Form subdivision |
Biography. |
| 650 #0 - SUBJECT ADDED ENTRY--TOPICAL TERM |
| Topical term or geographic name entry element |
War on Terrorism, 2001-2009. |
| 650 #0 - SUBJECT ADDED ENTRY--TOPICAL TERM |
| Topical term or geographic name entry element |
Iraq War, 2003-2011. |
| 651 #0 - SUBJECT ADDED ENTRY--GEOGRAPHIC NAME |
| Geographic name |
United States |
| General subdivision |
Politics and government |
| Chronological subdivision |
2001-2009. |
| 651 #0 - SUBJECT ADDED ENTRY--GEOGRAPHIC NAME |
| Geographic name |
United States |
| General subdivision |
Military policy |
| -- |
Decision making. |
| 856 42 - ELECTRONIC LOCATION AND ACCESS |
| Materials specified |
Publisher description |
| Uniform Resource Identifier |
<a href="http://www.loc.gov/catdir/enhancements/fy0708/2007003626-d.html">http://www.loc.gov/catdir/enhancements/fy0708/2007003626-d.html</a> |
| 856 41 - ELECTRONIC LOCATION AND ACCESS |
| Materials specified |
Sample text |
| Uniform Resource Identifier |
<a href="http://www.loc.gov/catdir/enhancements/fy0710/2007003626-s.html">http://www.loc.gov/catdir/enhancements/fy0710/2007003626-s.html</a> |
| 856 41 - ELECTRONIC LOCATION AND ACCESS |
| Materials specified |
Table of contents only |
| Uniform Resource Identifier |
<a href="http://www.loc.gov/catdir/enhancements/fy0710/2007003626-t.html">http://www.loc.gov/catdir/enhancements/fy0710/2007003626-t.html</a> |
| 856 42 - ELECTRONIC LOCATION AND ACCESS |
| Materials specified |
Contributor biographical information |
| Uniform Resource Identifier |
<a href="http://www.loc.gov/catdir/enhancements/fy0902/2007003626-b.html">http://www.loc.gov/catdir/enhancements/fy0902/2007003626-b.html</a> |
| 906 ## - LOCAL DATA ELEMENT F, LDF (RLIN) |
| a |
7 |
| b |
cbc |
| c |
orignew |
| d |
1 |
| e |
ecip |
| f |
20 |
| g |
y-gencatlg |
| 942 ## - ADDED ENTRY ELEMENTS (KOHA) |
| Source of classification or shelving scheme |
|
| Koha item type |
Book |